000 01462nam a2200337 i 4500
001 768714001
003 CO-MdFUSB
005 20220323125143.0
007 ta
008 201005t2007 ck |||| |||| 00| 0 spa d
020 _a9780311462810
040 _aCO-MdFUSB
_bspa
_cCO-MdFUSB
_dCO-MdFUSBC
_erda
041 _aspa
082 _223
_a253.5
_bW949
100 _aWright, H. Norman ‎
_eautor
245 _aHaz la paz con tu pasado.
_c/ H. Norman Wright.
264 1 _aColombia :
_bMundo Hispano,
_c[2007]
264 4 _c© 2007
300 _a240 páginas
_c; 18 cm
336 _2rdacontent
_asonidos
_btxt
337 _2rdamedia
_asin mediación
_bn
338 _2rdacarrier
_avolumen
_bnc
500 _aMaterial rayado
505 _aExceso de equipaje: ¿Dónde lo puedo poner? -- ¿Cómo recolectó todo ese equipaje? -- "Yo ,cambiar? ¡Imposible!. ¿O en verdad es posible? -- Renunciando a tus resentimientos. -- Haciendo frente al rechazo. -- Apartándose del perfeccionismo. -- Resistiendo el exceso de coacción. -- Venciendo el exceso de indulgencia. -- Sanando la parálisis emocional. -- Tratando sus heridas.
520 _aEste libro nos muestra, desde una perspectiva cristiana, como descubrir las heridas del pasado, confrontar las cicatrices emocionales presentes y resolver los sentimientos negativos
563 _aRústico
650 0 _919
_aVida cristiana
650 0 _9228
_aConsejería pastoral
942 _cBK
945 _aJTF-925
999 _c66621
_d66621